=LDR 00000nam 2200000 4500 =001 INLIS000000000000770 =005 20130612085212 =008 ***********************************Ind** =035 ##$$0010-061300000000770 =041 ##$$a Ind =082 ##$$a 915.952 =090 ##$$a 915.952, Hul-p =100 ##$$a Hullet, Arthur =245 ##$$a Panduan wisata singapura, Arthur Hullet =260 ##$$a 1983 $b Jakarta =300 ##$$a 225 hlm, ilus, 18 cm =650 ##$$a Perjalanan =650 ##$$a Singapura =700 ##$$a Hulton, Wendy =850 ##$$a NBPNMAT